[Event "Plzen, JF C"]
[Site "?"]
[Date "1999.??.??"]
[Round "7.7"]
[White "Hrbolka, L sr"]
[Black "Orsag, M."]
[Result "1/2-1/2"]
[WhiteElo "2140"]
[BlackElo "2185"]
[PlyCount "75"]
[EventDate "1999.??.??"]
[Source "ChessBase"]
[SourceDate "1996.11.15"]

1. d4 Nf6 2. c4 c5 3. d5 e6 4. Nc3 exd5 5. cxd5 d6 6. e4 g6 7. h3 Bg7 8. Nf3
O-O 9. Bd3 a6 10. a4 Re8 11. O-O Nbd7 12. Re1 Rb8 13. Bf4 Qc7 14. Bc4 Nh5 15.
Bh2 Ne5 16. Be2 Qe7 17. Nxe5 Bxe5 18. Bxh5 Bxh2+ 19. Kxh2 Qe5+ 20. g3 Qxh5 21.
Qxh5 gxh5 22. f4 f6 23. e5 fxe5 24. Ne4 Rd8 25. fxe5 dxe5 26. Nf6+ Kf7 27. Rf1
Kg6 28. Ra3 Bf5 29. Raf3 Bc2 30. R1f2 Bxa4 31. Nxh5 Rd6 32. g4 h6 33. Rf7 Rg8
34. R2f6+ Rxf6 35. Rxf6+ Kh7 36. Rf7+ Kg6 37. Rf6+ Kh7 38. Rf7+ 1/2-1/2

[Event "Plzen, JF C"]
[Site "?"]
[Date "1999.??.??"]
[Round "7.8"]
[White "Novotny, J."]
[Black "Michalek, J."]
[Result "0-1"]
[WhiteElo "2178"]
[BlackElo "2330"]
[PlyCount "92"]
[EventDate "1999.??.??"]
[Source "ChessBase"]
[SourceDate "1996.11.15"]

1. e3 d5 2. d3 c5 3. Ne2 Nc6 4. Nd2 e5 5. g3 Be6 6. Bg2 Qd7 7. h3 f6 8. b3 Bd6
9. Bb2 Nge7 10. a3 O-O 11. c3 Rac8 12. c4 d4 13. exd4 cxd4 14. Ne4 Ng6 15. Nxd6
Qxd6 16. O-O Qd7 17. Kh2 Nce7 18. Qd2 Nf5 19. a4 Nh8 20. Rfe1 Nf7 21. Ba3 Rfe8
22. Ng1 h5 23. Qd1 g6 24. Nf3 Kg7 25. Nd2 N5h6 26. Ne4 b6 27. Bc1 Rh8 28. Ra2
Nf5 29. Rf1 g5 30. Kg1 N5d6 31. Nxf6 Kxf6 32. f4 exf4 33. gxf4 g4 34. f5 Nxf5
35. h4 Kg7 36. Bf4 Rhf8 37. Qe1 Rce8 38. Be4 Kg8 39. a5 Qd8 40. axb6 axb6 41.
Ra8 Qe7 42. Ra6 Qxh4 43. Rxb6 g3 44. Qd2 Ne3 45. Bxe3 dxe3 46. Qb2 Ng5 0-1

[Event "Plzen, JF C"]
[Site "?"]
[Date "1999.??.??"]
[Round "7.9"]
[White "Korenova, M."]
[Black "Jirka, J."]
[Result "0-1"]
[WhiteElo "2285"]
[BlackElo "2173"]
[PlyCount "80"]
[EventDate "1999.??.??"]
[Source "ChessBase"]
[SourceDate "1996.11.15"]

1. e4 e5 2. Nf3 Nc6 3. Bc4 Nf6 4. d3 Bc5 5. c3 d6 6. b4 Bb6 7. a4 a6 8. O-O Be6
9. Nbd2 O-O 10. Bb3 d5 11. Ba3 dxe4 12. dxe4 Bxb3 13. Qxb3 Re8 14. Rad1 Qc8 15.
Ng5 Nd8 16. Nc4 Ne6 17. Nxb6 cxb6 18. f4 exf4 19. Nxf7 Kxf7 20. e5 Nd7 21. Rd6
Ndf8 22. b5 axb5 23. Rxf4+ Kg8 24. Rxf8+ Rxf8 25. Rxe6 Rf7 26. Rxb6 Qf5 27. Rf6
gxf6 28. e6 Rg7 29. e7+ Kh8 30. Qd1 Re8 31. axb5 Qe4 32. Qf1 Rexe7 33. Bxe7
Qxe7 34. h3 Rg8 35. Kh1 Rc8 36. c4 Re8 37. Qf3 Qe1+ 38. Kh2 Qe5+ 39. Kh1 Re7
40. c5 Rf7 0-1

[Event "Plzen, JF C"]
[Site "?"]
[Date "1999.??.??"]
[Round "7.10"]
[White "Hlavnicka, J."]
[Black "Novacek, K."]
[Result "1/2-1/2"]
[WhiteElo "2239"]
[BlackElo "2102"]
[PlyCount "46"]
[EventDate "1999.??.??"]
[Source "ChessBase"]
[SourceDate "1996.11.15"]

1. d4 Nf6 2. g3 g6 3. Bg2 Bg7 4. e4 d6 5. Ne2 O-O 6. Nbc3 e5 7. O-O Nc6 8. d5
Ne7 9. h3 Ne8 10. Be3 f5 11. Qd2 Nf6 12. f3 Kh8 13. a4 c5 14. Kh2 a6 15. f4
Nxe4 16. Nxe4 fxe4 17. fxe5 Bxe5 18. Rxf8+ Qxf8 19. Rf1 Nf5 20. Bxe4 Qg7 21.
Bf4 Bd7 22. a5 Re8 23. Bd3 Bxf4 1/2-1/2

[Event "Plzen, JF C"]
[Site "?"]
[Date "1999.??.??"]
[Round "7.11"]
[White "Brazdil, R."]
[Black "Ungr, D."]
[Result "1-0"]
[WhiteElo "2183"]
[BlackElo "2008"]
[PlyCount "47"]
[EventDate "1999.??.??"]
[Source "ChessBase"]
[SourceDate "1996.11.15"]

1. e4 d6 2. d4 Nf6 3. Nc3 g6 4. f3 Bg7 5. Be3 c6 6. Qd2 b5 7. Bh6 O-O 8. Bxg7
Kxg7 9. Bd3 e5 10. dxe5 dxe5 11. g4 b4 12. Nd1 Ba6 13. Ne3 Qd4 14. O-O-O Bxd3 {
#} 15. Nf5+ gxf5 16. Qg5+ Kh8 17. Qxf6+ Kg8 18. Rxd3 Qb6 19. gxf5 b3 20. axb3
Qa5 21. Ne2 Qa1+ 22. Kd2 Qxh1 23. Qg5+ Kh8 24. f6 1-0

[Event "Plzen, JF C"]
[Site "?"]
[Date "1999.??.??"]
[Round "7.12"]
[White "Hrbolka, L jr"]
[Black "Dolezal, R sr"]
[Result "1/2-1/2"]
[WhiteElo "2099"]
[BlackElo "2035"]
[PlyCount "48"]
[EventDate "1999.??.??"]
[Source "ChessBase"]
[SourceDate "1996.11.15"]

1. e4 c6 2. d4 d5 3. Nc3 dxe4 4. Nxe4 Bf5 5. Ng3 Bg6 6. h4 h6 7. h5 Bh7 8. Nf3
Nd7 9. Bd3 Bxd3 10. Qxd3 Qc7 11. Bd2 Ngf6 12. O-O-O O-O-O 13. c4 e6 14. Qe2 Bd6
15. Rh4 c5 16. Kb1 Rhe8 17. Ne4 Nxe4 18. Rxe4 Nf6 19. Rh4 e5 20. dxe5 Bxe5 21.
Be3 Bd6 22. Qc2 Qc6 23. Qf5+ Qd7 24. Qxd7+ Rxd7 1/2-1/2

[Event "Plzen, JF C"]
[Site "?"]
[Date "1999.??.??"]
[Round "7.13"]
[White "Nosek, F."]
[Black "Neuman, P."]
[Result "1/2-1/2"]
[WhiteElo "1909"]
[BlackElo "2384"]
[PlyCount "89"]
[EventDate "1999.??.??"]
[Source "ChessBase"]
[SourceDate "1996.11.15"]

1. e4 c5 2. Nf3 e6 3. d4 cxd4 4. Nxd4 Nf6 5. Nc3 d6 6. Bc4 a6 7. a3 b5 8. Bb3
Be7 9. Be3 Qc7 10. f3 O-O 11. Qd2 Nc6 12. Nxc6 Qxc6 13. O-O Bb7 14. Qd4 Nd7 15.
Qd2 Rfd8 16. Qf2 Nc5 17. Rad1 a5 18. Ne2 Ba6 19. Nd4 Qc7 20. Rfe1 Rdb8 21. Ba2
b4 22. axb4 axb4 23. Bb3 Nxb3 24. cxb3 Qb7 25. Rc1 Rc8 26. Qd2 h6 27. Rxc8+
Rxc8 28. Rc1 Rxc1+ 29. Qxc1 Bf6 30. Qc6 Qxc6 31. Nxc6 Bxb2 32. Nxb4 Bb7 33. Nd3
Bc3 34. Kf2 Kf8 35. Bb6 Ke7 36. Ke3 Bf6 37. g3 Kd7 38. f4 Be7 39. e5 Bd5 40. b4
Kc6 41. exd6 Bxd6 42. Bc5 Bxc5+ 43. bxc5 Bc4 44. Ne5+ Kxc5 45. Nxf7 1/2-1/2

[Event "Plzen, JF C"]
[Site "?"]
[Date "1999.??.??"]
[Round "7.14"]
[White "Eretova, J."]
[Black "Falout, L."]
[Result "1-0"]
[WhiteElo "2177"]
[BlackElo "2129"]
[PlyCount "79"]
[EventDate "1999.??.??"]
[Source "ChessBase"]
[SourceDate "1996.11.15"]

1. Nf3 c5 2. e4 e6 3. d3 d5 4. Nbd2 Nc6 5. g3 Nf6 6. Bg2 Be7 7. O-O b6 8. Re1
Bb7 9. a4 h6 10. h4 Qc7 11. Nf1 O-O-O 12. exd5 Nxd5 13. Ne3 g5 14. Nxd5 Rxd5
15. h5 g4 16. Nh2 Rxh5 17. Qxg4 Rf5 18. Bf4 Qd7 19. Be4 h5 20. Qd1 h4 21. Bxf5
hxg3 22. fxg3 exf5 23. Qe2 Bf6 24. c3 Ne7 25. Nf3 Ng6 26. Kf2 Qc6 27. Rh1 Re8
28. Qd1 Be5 29. Bd2 Qd6 30. Rh3 Qxd3 31. Bg5 Qe4 32. a5 Qg4 33. Nxe5 Nxe5 34.
Qxg4 Nxg4+ 35. Kf1 b5 36. a6 Bf3 37. b4 Re2 38. Rh8+ Kd7 39. Rd1+ Ke6 40. Re1
1-0

[Event "Plzen, JF C"]
[Site "?"]
[Date "1999.??.??"]
[Round "7.15"]
[White "Sladek, J."]
[Black "Matejka, P."]
[Result "0-1"]
[WhiteElo "2134"]
[BlackElo "2083"]
[PlyCount "106"]
[EventDate "1999.??.??"]
[Source "ChessBase"]
[SourceDate "1996.11.15"]

1. e4 c5 2. Nf3 d6 3. d4 cxd4 4. Nxd4 Nf6 5. Nc3 a6 6. a4 e6 7. Bc4 Be7 8. O-O
O-O 9. Qe2 Nc6 10. Nf3 Qc7 11. Rd1 Bd7 12. h3 Rac8 13. Be3 Rfd8 14. Rd2 h6 15.
Rad1 Be8 16. Bb3 Nd7 17. Nd4 Nc5 18. Nxc6 Bxc6 19. Qg4 Kh8 20. Bd4 Bf8 21. Qh4
Nxb3 22. cxb3 Kg8 23. Rd3 Qe7 24. Qg4 d5 25. exd5 Bxd5 26. Nxd5 Rxd5 27. Bf6
Qc7 28. Rxd5 exd5 29. Be5 Qc6 30. Bf4 Qe6 31. Rxd5 Qxd5 32. Qxc8 Qxb3 33. Kh2
Qb4 34. Qb8 Kh7 35. Qe5 Qxa4 36. Bd2 Qd7 37. Qe4+ g6 38. Bc3 Bg7 39. Bxg7 Kxg7
40. Qe5+ Kh7 41. Qc3 Qd6+ 42. g3 Qd5 43. h4 h5 44. Qf6 a5 45. Qb6 a4 46. Qf6 b5
47. Kg1 Qe6 48. Qd4 Qc4 49. Qf6 b4 50. Kh2 a3 51. bxa3 bxa3 52. Qa1 Kg8 53. Kg1
Qa4 0-1

[Event "Plzen, JF C"]
[Site "?"]
[Date "1999.??.??"]
[Round "7.16"]
[White "Satransky, J."]
[Black "Zelezny, J."]
[Result "1/2-1/2"]
[WhiteElo "2182"]
[BlackElo "1903"]
[PlyCount "68"]
[EventDate "1999.??.??"]
[Source "ChessBase"]
[SourceDate "1996.11.15"]

1. e4 c6 2. d4 d5 3. exd5 cxd5 4. Bd3 Nf6 5. c3 Bg4 6. Qb3 Qc8 7. Bf4 e6 8. Nd2
Be7 9. Ngf3 Nbd7 10. a4 Nh5 11. Bg3 a6 12. Ne5 Nxg3 13. hxg3 Nxe5 14. dxe5 Qc7
15. Kf1 Bg5 16. Nf3 Bxf3 17. gxf3 g6 18. Kg2 h5 19. Rad1 Kf8 20. f4 Bh6 21. Be2
Kg8 22. Rh3 Rd8 23. Rd2 Bf8 24. Qd1 Bc5 25. Bf3 Kg7 26. Qe2 Ba7 27. Rh1 Rc8 28.
f5 gxf5 29. Bxh5 Qc4 30. Rh4 Qxe2 31. Bxe2 Bb8 32. f4 f6 33. exf6+ Kxf6 34.
Rxh8 Rxh8 1/2-1/2

[Event "Plzen, JF C"]
[Site "?"]
[Date "1999.??.??"]
[Round "7.17"]
[White "Cervinka, M."]
[Black "Novak, P."]
[Result "0-1"]
[WhiteElo "2044"]
[BlackElo "2274"]
[PlyCount "90"]
[EventDate "1999.??.??"]
[Source "ChessBase"]
[SourceDate "1996.11.15"]

1. g3 Nf6 2. Bg2 g6 3. b3 Bg7 4. Bb2 O-O 5. Nf3 d6 6. d4 c6 7. O-O Nbd7 8. c4
Qa5 9. Qc2 Re8 10. e4 e5 11. Nbd2 exd4 12. Nxd4 Nc5 13. Rae1 Qb6 14. Kh1 a5 15.
Bc3 Ng4 16. f3 Ne5 17. a3 a4 18. b4 Ne6 19. Ne2 c5 20. h3 Nc6 21. Bxg7 Kxg7 22.
Qb2+ f6 23. b5 Ned4 24. Nc3 Be6 25. Qa2 Nd8 26. f4 Qa5 27. Ncb1 Nf7 28. Nf3 Nb3
29. Qc2 Rac8 30. Nbd2 Nd4 31. Nxd4 cxd4 32. Rf3 Qxb5 33. Rb1 Qa6 34. Rd3 Bxc4
35. Nxc4 Rxc4 36. Qd2 Rec8 37. Rxd4 Rc2 38. Qd3 Qa5 39. Rdb4 R8c3 40. Qd4 Rxg3
41. Rb5 Qd8 42. Bf1 Qc8 43. f5 Rc1 44. Rxc1 Qxc1 45. Qc4 Rxh3+ 0-1

[Event "Plzen, JF C"]
[Site "?"]
[Date "1999.??.??"]
[Round "7.18"]
[White "Svarc, R."]
[Black "Stehlik, J."]
[Result "1/2-1/2"]
[WhiteElo "2180"]
[BlackElo "2125"]
[PlyCount "128"]
[EventDate "1999.??.??"]
[Source "ChessBase"]
[SourceDate "1996.11.15"]

1. c4 e5 2. Nc3 Nf6 3. Nf3 d6 4. d4 Nbd7 5. e4 c6 6. Be2 Be7 7. O-O O-O 8. d5
c5 9. Ne1 Ne8 10. g3 g6 11. f4 Ng7 12. f5 Bg5 13. g4 Bxc1 14. Qxc1 g5 15. a4 f6
16. Ra3 Kf7 17. Nb5 Ke7 18. Rh3 Rh8 19. Rh6 a6 20. Nc3 Qf8 21. Nf3 Ne8 22. Rh3
Qg8 23. Kg2 b6 24. Rg3 h6 25. h4 Nf8 26. hxg5 hxg5 27. Rh1 Rh7 28. Rgh3 Kd8 29.
Rxh7 Nxh7 30. Rh6 Ra7 31. Qh1 Rg7 32. a5 bxa5 33. Qa1 Qf7 34. Qxa5+ Qc7 35. Qa3
Qb6 36. Rh1 Rb7 37. Rb1 Rb8 38. Ne1 Qb4 39. Nc2 Qxa3 40. Nxa3 Rb7 41. Na2 Bd7
42. b4 cxb4 43. Rxb4 Rxb4 44. Nxb4 a5 45. Nd3 Nf8 46. c5 dxc5 47. Nxc5 Nd6 48.
Kf3 Be8 49. Nc4 Nxc4 50. Bxc4 Nd7 51. Nb7+ Kc7 52. Nxa5 Nc5 53. Be2 Ba4 54. Ke3
Bc2 55. Bf3 Bb1 56. Nc4 Bd3 57. d6+ Kc6 58. d7 Kxd7 59. Nb6+ Ke7 60. Nd5+ Kf7
61. Nc3 Bc4 62. Be2 Bxe2 63. Kxe2 Ke7 64. Kd2 Kf7 1/2-1/2

[Event "Plzen, JF C"]
[Site "?"]
[Date "1999.??.??"]
[Round "7.19"]
[White "Cernik, L."]
[Black "Hallerova, E."]
[Result "0-1"]
[WhiteElo "1903"]
[BlackElo "2152"]
[PlyCount "70"]
[EventDate "1999.??.??"]
[Source "ChessBase"]
[SourceDate "1996.11.15"]

1. e4 Nf6 2. Nc3 d5 3. e5 d4 4. exf6 dxc3 5. bxc3 exf6 6. d4 Bd6 7. Bd3 O-O 8.
Ne2 c5 9. O-O Nc6 10. Be3 cxd4 11. cxd4 Qc7 12. Ng3 Nb4 13. Be4 Re8 14. Qf3
Bxg3 15. hxg3 f5 16. Bxf5 Bxf5 17. Qxf5 Nxc2 18. Rac1 Nxe3 19. fxe3 Qe7 20. Rf3
g6 21. Qd5 Rac8 22. Rcf1 Rf8 23. Qb3 Rc7 24. a4 Qe4 25. R3f2 Qc6 26. Rf3 Qc4
27. Qa3 Rd8 28. Kh2 Rdd7 29. Kg1 Rc6 30. Kh2 Qd5 31. Kg1 Rc2 32. Kh2 Qc4 33.
Kg1 Ra2 34. Rc1 Rc2 35. Rcf1 Qa2 0-1

[Event "Plzen, JF C"]
[Site "?"]
[Date "1999.??.??"]
[Round "7.20"]
[White "Koutecky, V."]
[Black "Papay, J."]
[Result "0-1"]
[WhiteElo "1962"]
[BlackElo "2044"]
[PlyCount "78"]
[EventDate "1999.??.??"]
[Source "ChessBase"]
[SourceDate "1996.11.15"]

1. e4 e6 2. d3 c5 3. g3 d5 4. Nd2 Nc6 5. Bg2 Nf6 6. Ngf3 Be7 7. O-O O-O 8. Re1
Qc7 9. Qe2 b6 10. e5 Nd7 11. Nf1 f5 12. Bf4 Bb7 13. h4 Rac8 14. c3 b5 15. Ng5
Bxg5 16. hxg5 Ne7 17. Nd2 Ng6 18. Bf3 Kf7 19. Bh5 Ke7 20. Bxg6 hxg6 21. d4 Qb6
22. Nf3 Rfd8 23. Kg2 b4 24. Rh1 Nf8 25. Be3 bxc3 26. bxc3 Ba6 27. Qd2 Bc4 28.
Rab1 Qa6 29. Rb2 Nd7 30. Nh4 Kf7 31. Qd1 Rh8 32. dxc5 Nxe5 33. Qb1 Bd3 34. Qd1
Ng4 35. Qe1 Qc6 36. Bd4 e5 37. Bxe5 Rce8 38. Qd1 Be4+ 39. f3 Ne3+ 0-1

[Event "Plzen, JF C"]
[Site "?"]
[Date "1999.??.??"]
[Round "7.21"]
[White "Vladyka, V."]
[Black "Pinc, M."]
[Result "0-1"]
[WhiteElo "2082"]
[BlackElo "2140"]
[PlyCount "80"]
[EventDate "1999.??.??"]
[Source "ChessBase"]
[SourceDate "1996.11.15"]

1. e4 c5 2. Nf3 Nf6 3. Nc3 Nc6 4. d4 cxd4 5. Nxd4 d6 6. Be2 a6 7. O-O e6 8. Be3
Bd7 9. f3 Qc7 10. Nxc6 Bxc6 11. Qe1 Be7 12. Qf2 b5 13. a3 O-O 14. Rad1 Qb7 15.
Kh1 a5 16. Bd3 e5 17. Qg3 b4 18. Ne2 Rfd8 19. Bh6 Ne8 20. Be3 Kh8 21. Bc4 d5
22. exd5 Bxd5 23. Bd3 Bf6 24. Qg4 Nd6 25. Ng3 Be6 26. Be4 Qc8 27. Qh5 g6 28.
Qh6 Nxe4 29. Nxe4 Bg7 30. Qh4 Rxd1 31. Rxd1 f5 32. Ng5 Bg8 33. axb4 f4 34. Bg1
axb4 35. Ne4 Qxc2 36. Rd7 Ra1 37. Qe7 Rxg1+ 38. Kxg1 Qc1+ 39. Kf2 Qe3+ 40. Kf1
Bc4+ 0-1

[Event "Plzen, JF C"]
[Site "?"]
[Date "1999.??.??"]
[Round "7.22"]
[White "Hercik, J."]
[Black "Klatil, K."]
[Result "0-1"]
[WhiteElo "1922"]
[BlackElo "2088"]
[PlyCount "76"]
[EventDate "1999.??.??"]
[Source "ChessBase"]
[SourceDate "1996.11.15"]

1. e4 e5 2. Nf3 Nc6 3. Bb5 a6 4. Ba4 Nf6 5. O-O Be7 6. Re1 b5 7. Bb3 d6 8. c3
Na5 9. Bc2 c5 10. d4 Bg4 11. d5 O-O 12. b3 h6 13. h3 Bh5 14. Nbd2 Nh7 15. g4
Bg6 16. Nf1 Ng5 17. Bxg5 Bxg5 18. Ng3 Bf4 19. Nf5 Bh7 20. Qe2 g6 21. N5h4 Bg5
22. Ng2 f5 23. exf5 gxf5 24. Rad1 Ra7 25. Nh2 fxg4 26. Bxh7+ Rxh7 27. Qxg4 Rg7
28. Qe6+ Kh7 29. Re2 Bf4 30. Ng4 Rg6 31. Nxf4 Rxf4 32. Rxe5 dxe5 33. Qxe5 Qd6
34. Kf1 Nb7 35. Qe8 Rf8 36. Qe4 Qf4 37. Qc2 h5 38. h4 Qxg4 0-1

[Event "Plzen, JF C"]
[Site "?"]
[Date "1999.??.??"]
[Round "7.23"]
[White "Palkova, H."]
[Black "Kalista, K."]
[Result "1-0"]
[WhiteElo "2054"]
[BlackElo "1881"]
[PlyCount "65"]
[EventDate "1999.??.??"]
[Source "ChessBase"]
[SourceDate "1996.11.15"]

1. d4 g6 2. c4 Bg7 3. Nc3 Nf6 4. e4 d6 5. f3 O-O 6. Be3 Nbd7 7. Qd2 c5 8. d5
Re8 9. g4 Ne5 10. h3 a6 11. Be2 b5 12. cxb5 axb5 13. Bxb5 Bd7 14. f4 Bxb5 15.
fxe5 Nxe4 16. Nxe4 Bxe5 17. Nf3 Bg7 18. Kf2 Ra6 19. h4 Bd7 20. Rhg1 Rb6 21. Nc3
Qb8 22. b3 Rb4 23. h5 Bxg4 24. h6 Bh8 25. Rg3 Bxf3 26. Rxf3 c4 27. Bd4 cxb3 28.
Bxh8 Kxh8 29. axb3 Rxb3 30. Qd4+ f6 31. Rxf6 e5 32. dxe6 Rb2+ 33. Kg1 1-0

[Event "Plzen, JF C"]
[Site "?"]
[Date "1999.??.??"]
[Round "7.24"]
[White "Muller, O."]
[Black "Kovarik, J."]
[Result "1-0"]
[WhiteElo "2143"]
[BlackElo "1851"]
[PlyCount "143"]
[EventDate "1999.??.??"]
[Source "ChessBase"]
[SourceDate "1996.11.15"]

1. d4 Nf6 2. Nf3 d5 3. c4 c6 4. Nc3 Bf5 5. cxd5 cxd5 6. Qb3 Bc8 7. Bg5 e6 8. e3
Be7 9. Bd3 O-O 10. Rc1 Nc6 11. Bb1 h6 12. Bf4 Bd6 13. Bg3 a6 14. Qc2 Ne7 15.
Ne5 Nf5 16. O-O Bd7 17. h3 Be8 18. Bf4 g5 19. Bh2 Rc8 20. Qe2 Kg7 21. f4 Nh4
22. Bg3 Ng6 23. Rf2 Ne4 24. Bxe4 dxe4 25. Nxg6 Kxg6 26. Rd1 Bc6 27. d5 exd5 28.
f5+ Kh7 29. Nxe4 Bxg3 30. Nxg3 f6 31. Qd2 Qe7 32. Qd4 Rce8 33. Rf3 Qe5 34. Ne2
Re7 35. Nc3 Qxd4 36. Rxd4 Rd8 37. Kf2 Re5 38. g4 Rde8 39. Ke2 Kg7 40. Kd2 Kf7
41. Rg3 R8e7 42. Rd3 Re8 43. b3 Rh8 44. Ne2 h5 45. Nd4 hxg4 46. hxg4 Rh2+ 47.
Kd1 Ke7 48. Nf3 Rh1+ 49. Kc2 Re4 50. Nd2 Rh2 51. Kc3 Re5 52. Nf3 Rxa2 53. Nxe5
fxe5 54. Rd2 Ra1 55. Rh2 Rc1+ 56. Kb2 Rf1 57. Rh6 e4 58. Rg6 Rf3 59. Rg2 Rxe3
60. Rh2 d4 61. Rh7+ Kf8 62. Rd6 Re2+ 63. Kc1 d3 64. Rd8+ Be8 65. Rh8+ Ke7 66.
Rhxe8+ Kf7 67. Re6 Rc2+ 68. Kd1 Rb2 69. Rd7+ Kf8 70. Rxe4 Rxb3 71. Ree7 b5 72.
f6 1-0

[Event "Plzen, JF C"]
[Site "?"]
[Date "1999.??.??"]
[Round "7.25"]
[White "Foglar, S."]
[Black "Snaidr, J."]
[Result "0-1"]
[WhiteElo "2026"]
[BlackElo "2022"]
[PlyCount "52"]
[EventDate "1999.??.??"]
[Source "ChessBase"]
[SourceDate "1996.11.15"]

1. e4 c5 2. Nf3 Nc6 3. d4 cxd4 4. Nxd4 Nf6 5. Nc3 d6 6. Bg5 e6 7. Qd2 a6 8.
O-O-O Bd7 9. f4 h6 10. Bh4 Be7 11. Nf3 b5 12. e5 b4 13. exf6 bxc3 14. Qxc3 gxf6
15. Bd3 Rg8 16. Qd2 Qa5 17. Qxa5 Nxa5 18. h3 f5 19. Bxe7 Kxe7 20. Rd2 Bb5 21.
Rg1 Rg3 22. Bxb5 axb5 23. Nd4 Nc4 24. Re2 Kf6 25. Nxb5 Rxa2 26. Kb1 Rxb2+ 0-1

[Event "Plzen, JF C"]
[Site "?"]
[Date "1999.??.??"]
[Round "7.26"]
[White "Jenc, M."]
[Black "Vojir, V sr"]
[Result "1/2-1/2"]
[WhiteElo "1871"]
[BlackElo "1756"]
[PlyCount "90"]
[EventDate "1999.??.??"]
[Source "ChessBase"]
[SourceDate "1996.11.15"]

1. e4 c6 2. Nf3 d5 3. exd5 cxd5 4. d4 e6 5. c3 Nf6 6. Ne5 Nbd7 7. Bg5 Be7 8.
Bd3 Nxe5 9. dxe5 Nd7 10. Bf4 Nc5 11. Bc2 Bd7 12. Nd2 Bc6 13. O-O Bb5 14. Re1
Nd3 15. Bxd3 Bxd3 16. Re3 Bg6 17. Nf3 O-O 18. Nd4 a6 19. Rc1 Rc8 20. Rh3 Qd7
21. Qe2 Rc7 22. g4 Rfc8 23. g5 Bc5 24. Be3 Bxd4 25. Bxd4 Rc4 26. Rd1 Qd8 27.
Rg3 Qe7 28. h4 Bf5 29. h5 g6 30. Kg2 Be4+ 31. f3 Bf5 32. Rh1 Kh8 33. Kg1 Rg8
34. Qh2 Rg7 35. Kf2 b5 36. a3 Qb7 37. Ke3 a5 38. Ra1 Rg8 39. Rgg1 Rc7 40. Rh1
Ra8 41. hxg6 fxg6 42. Qh6 Kg8 43. Rhc1 Qc6 44. b3 a4 45. b4 Rac8 1/2-1/2

[Event "Plzen, JF C"]
[Site "?"]
[Date "1999.??.??"]
[Round "7.27"]
[White "Korinek, B."]
[Black "Vojir, V jr"]
[Result "1/2-1/2"]
[WhiteElo "1895"]
[BlackElo "1768"]
[PlyCount "121"]
[EventDate "1999.??.??"]
[Source "ChessBase"]
[SourceDate "1996.11.15"]

1. d4 f5 2. Bg5 g6 3. c4 Bg7 4. Nc3 Nf6 5. Bxf6 Bxf6 6. e3 b6 7. Nf3 Bb7 8. Bd3
d6 9. Qc2 e5 10. dxe5 dxe5 11. e4 f4 12. O-O-O Nc6 13. Nd5 Qd6 14. Be2 Nd4 15.
Nxf6+ Qxf6 16. Nxd4 exd4 17. f3 c5 18. Bd3 O-O-O 19. Rhe1 Qe5 20. Kb1 a5 21. a3
Kc7 22. Qf2 g5 23. g3 Rhf8 24. g4 h6 25. h4 Rh8 26. Rh1 Rd7 27. hxg5 hxg5 28.
Qg2 Rdh7 29. Rxh7+ Rxh7 30. Rh1 Qh8 31. Rxh7+ Qxh7 32. Kc2 Bc6 33. e5 Ba4+ 34.
Kd2 Qh4 35. Bc2 Bc6 36. Bd1 Qg3 37. Qf1 Qh2+ 38. Kc1 Bd7 39. Qe1 Be6 40. Be2
Qg2 41. Kb1 Qh2 42. Bd3 Qh4 43. Qf1 Qh2 44. Bf5 Bd7 45. e6 Bc6 46. Qe1 Qh8 47.
e7 Bd7 48. Qe4 a4 49. Qd5 Bc6 50. Qe6 d3 51. Bxd3 Qh1+ 52. Ka2 Qxf3 53. Qe5+
Kb7 54. Qd6 Qe3 55. Qd8 f3 56. Bf5 Qb3+ 57. Ka1 f2 58. Qc8+ Ka7 59. Qxc6 f1=Q+
60. Bb1 Qxb1+ 61. Kxb1 1/2-1/2

[Event "Plzen, JF C"]
[Site "?"]
[Date "1999.??.??"]
[Round "8.1"]
[White "Civin, T."]
[Black "Polak, T."]
[Result "1/2-1/2"]
[WhiteElo "2278"]
[BlackElo "2488"]
[PlyCount "34"]
[EventDate "1999.??.??"]
[Source "ChessBase"]
[SourceDate "1996.11.15"]

1. d4 Nf6 2. c4 e6 3. g3 d5 4. Bg2 dxc4 5. Qa4+ Nbd7 6. Nf3 a6 7. Qxc4 c5 8.
O-O b5 9. Qc2 Bb7 10. a4 Rc8 11. axb5 axb5 12. Bg5 Qb6 13. Bxf6 Nxf6 14. Na3 c4
15. Rfd1 Be4 16. Qc1 Nd5 17. Nb1 Bb4 1/2-1/2

[Event "Plzen, JF C"]
[Site "?"]
[Date "1999.??.??"]
[Round "8.2"]
[White "Konopka, M."]
[Black "Dolezal, R jr"]
[Result "1/2-1/2"]
[WhiteElo "2484"]
[BlackElo "2285"]
[PlyCount "127"]
[EventDate "1999.??.??"]
[Source "ChessBase"]
[SourceDate "1996.11.15"]

1. Nf3 d5 2. d4 c6 3. c4 Nf6 4. Qc2 g6 5. Bf4 Bf5 6. Qb3 Qb6 7. c5 Qxb3 8. axb3
Bxb1 9. Rxb1 Nbd7 10. h3 Bg7 11. e3 Ne4 12. b4 a6 13. Bd3 f6 14. Bxe4 dxe4 15.
Nd2 f5 16. Nc4 O-O 17. Ke2 e6 18. Be5 Nf6 19. Bxf6 Bxf6 20. f3 exf3+ 21. gxf3
Bd8 22. f4 Bh4 23. Ra1 Rac8 24. Kd3 Rc7 25. Rag1 Rd8 26. Rg2 Rg7 27. Rhg1 Bf6
28. Kc3 Kf8 29. Nd2 Ke7 30. Nf3 Rdg8 31. Kc4 Kd7 32. Re2 Rf8 33. Ne5+ Kc7 34.
Nf3 Kd7 35. Reg2 Rfg8 36. Re1 Rd8 37. Rd1 Kc7 38. Re1 Kd7 39. Rge2 Re8 40. Kd3
Rf8 41. Rg2 Re8 42. Rh1 Reg8 43. h4 h6 44. e4 fxe4+ 45. Kxe4 h5 46. Rhg1 Ke8
47. b3 Bd8 48. Rg3 Bf6 49. R3g2 Bd8 50. Rh1 Bf6 51. Re2 Kd7 52. Ne5+ Ke8 53.
Nc4 Kd7 54. Rg2 Kd8 55. Nd2 Rd7 56. Nf3 Rdg7 57. Rhg1 Ke8 58. Ra2 Kd7 59. Ne5+
Kc7 60. Nf3 Kd7 61. Re2 Bd8 62. Reg2 Ke8 63. Rg3 Bf6 64. R3g2 1/2-1/2

[Event "Plzen, JF C"]
[Site "?"]
[Date "1999.??.??"]
[Round "8.3"]
[White "Volosin, L."]
[Black "Spal, M."]
[Result "1/2-1/2"]
[WhiteElo "2423"]
[BlackElo "2175"]
[PlyCount "70"]
[EventDate "1999.??.??"]
[Source "ChessBase"]
[SourceDate "1996.11.15"]

1. c4 e5 2. Nc3 d6 3. d4 exd4 4. Qxd4 Nc6 5. Qd2 g6 6. b3 Bg7 7. Bb2 Nf6 8. g3
O-O 9. Bg2 Re8 10. Nh3 Bxh3 11. Bxh3 d5 12. cxd5 Nxd5 13. Nxd5 Bxb2 14. Qxb2
Qxd5 15. O-O Qh5 16. Bg2 Rxe2 17. Qc3 Rd8 18. Bxc6 bxc6 19. Qxc6 Rdd2 20. Qa8+
Kg7 21. Qxa7 Qf3 22. Rae1 Rxa2 23. Qd4+ Qf6 24. Qxf6+ Kxf6 25. Rxe2 Rxe2 26.
Rc1 Rb2 27. Rc6+ Kg7 28. Rc3 Kf6 29. Rc6+ Kg7 30. Rc3 Kf6 31. g4 c5 32. Kg2 Ke6
33. Rxc5 Rxb3 34. h3 h6 35. Ra5 Kf6 1/2-1/2

[Event "Plzen, JF C"]
[Site "?"]
[Date "1999.??.??"]
[Round "8.4"]
[White "Gross, S."]
[Black "Cernousek, L."]
[Result "1/2-1/2"]
[WhiteElo "2371"]
[BlackElo "2203"]
[PlyCount "81"]
[EventDate "1999.??.??"]
[Source "ChessBase"]
[SourceDate "1996.11.15"]

1. c4 Nf6 2. Nc3 c5 3. Nf3 d5 4. cxd5 Nxd5 5. g3 Nc6 6. Bg2 Nc7 7. d3 e5 8. Be3
f6 9. Rc1 Be6 10. O-O Rc8 11. a3 Qd7 12. Ne4 b6 13. b4 cxb4 14. Rxc6 Qxc6 15.
Nxe5 Qb5 16. Nd6+ Bxd6 17. Bc6+ Ke7 18. Bxb5 Nxb5 19. Nc4 Bxc4 20. dxc4 Nxa3
21. Qa4 Rc7 22. Rd1 Nxc4 23. Rxd6 Kxd6 24. Bf4+ Ne5 25. Qxb4+ Kd7 26. Qb5+ Kc8
27. Bxe5 fxe5 28. Qxe5 a6 29. f4 Kb7 30. f5 Rhc8 31. Kf2 b5 32. g4 Rd8 33. g5
Kb6 34. Qe3+ Rc5 35. Qe6+ Ka5 36. Qa2+ Kb4 37. Qb2+ Ka4 38. Qa2+ Kb4 39. Qb2+
Ka4 40. Qa2+ Kb4 41. Qb2+ 1/2-1/2

[Event "Plzen, JF C"]
[Site "?"]
[Date "1999.??.??"]
[Round "8.5"]
[White "Lechtynsky, J."]
[Black "Hrbolka, L sr"]
[Result "1-0"]
[WhiteElo "2365"]
[BlackElo "2140"]
[PlyCount "71"]
[EventDate "1999.??.??"]
[Source "ChessBase"]
[SourceDate "1996.11.15"]

1. Nf3 Nf6 2. c4 g6 3. Nc3 Bg7 4. d4 d6 5. e4 O-O 6. Be2 e5 7. O-O Na6 8. Be3
Ng4 9. Bg5 f6 10. Bc1 Nh6 11. Rb1 Nf7 12. dxe5 dxe5 13. b4 Qxd1 14. Rxd1 Re8
15. Be3 c6 16. c5 Bf8 17. Nd2 Be6 18. Nc4 Red8 19. Rxd8 Nxd8 20. a3 Nc7 21. Rd1
Be7 22. f4 Nf7 23. Na5 Rb8 24. g3 Kf8 25. Kg2 Ke8 26. Rd2 Nd8 27. Nc4 Nf7 28.
Nd6+ Kf8 29. Kf2 b6 30. f5 gxf5 31. exf5 Bd5 32. Nxf7 Bxf7 33. Rd7 Nd5 34. Nxd5
cxd5 35. Bh6+ Ke8 36. Bb5 1-0